NBA Champs Since 2000 - Statistics

General Stats
  • This quiz has been taken 109 times
  • The average score is 24 of 26
Answer Stats
Hint Answer % Correct
2020 lakers
99%
2010 lakers
99%
2009 lakers
99%
2002 lakers
99%
2001 lakers
99%
2000 lakers
99%
2024 celtics
97%
2008 celtics
97%
2021 bucks
96%
2023 nuggets
94%
2022 warriors
93%
2018 warriors
93%
2017 warriors
93%
2015 warriors
93%
2019 raptors
89%
2014 spurs
89%
2007 spurs
89%
2005 spurs
89%
2003 spurs
89%
1999 spurs
89%
2016 cavaliers
87%
2013 heat
86%
2012 heat
86%
2006 heat
86%
2011 mavericks
83%
2004 pistons
70%
No matching quizzes found
Score Distribution
Percent of People with Each Score
Percentile by Number Answered
Your Score History
You have not taken this quiz